00847 2200313 4500001002100000005001500021035002000036007000300056040001700059100002500076245005500101250001000156300003700166020001800203041000800221082001100229084001700240090002300257264004400280336002100324337003000345338002300375650001800398850001000416008004100426990002200467990002200489990002200511INLIS00000000000921120260423084208 a0010-1122000170ta aSBPUPADbind0 aEsposito;ePengarang1 aTokoh- Kunci Gerakan Islam Kontemporer /cEsposito aCet.1 axxxvi,318 hlm. :bilus. ;c23 cm a979-421-877-4 aind a922.97 a922.97 ESP i a922.97 ESP i 25-10 aJakarta :bRajaGraffindo Persada,c2002 2rdacontentateks 2rdamediaatanpa perantara 2rdacarrieravolume 4aSejarah Islam aPUPAD260423 0  a1088/BR/RAPD.2011 a1190/BR/KAPD.2011 a1089/BR/RAPD.2011